000 01450nam a2200349 4500
001 129
003 OSt
005 20250528074012.0
008 250128b |||||||g |||| 00| 1 eng d
040 _bpor
041 _heng
_apor
082 _a823
_bC555ci
100 1 _aChristie, Agatha,
_d1890-1976
_9268
240 _aFive little pigs
245 _aOs cinco porquinhos /
_cChristie, Agatha ; Tradução de Edson Ferreira dos Santos
260 _aSão Paulo
_bCírculo do Livro
_c1941
300 _a234 p.
490 1 _aDetetive Hercule Poirot
520 _aHá dezesseis anos uma mulher fora condenada por assassinar seu marido. Ao morrer na prisão, deixou uma carta para sua filha de cinco anos, Caroline, afirmando sua inocecia. Caroline sabe que precisa do melhor detetive do mundo para esta missão quase impossível: revolver o passado à procura do verdadeiro assassino, para limpar o nome de sua mãe. Hercule Poirot aceita a missão, partindo de uma cantiga de ninar inglesa Os Cinco Porquinhos - que dá título à obra.
650 0 _aLiteratura Inglesa
_989
650 0 _aRomance Policial
_911
650 0 _aSuspense
_910
650 0 _aMistério
_942
650 0 _aCrime e Investigação
_913
650 0 _aClássicos
_977
650 0 _aFilme
_926
655 0 _aRomance
_923
655 0 _aFicção
_922
700 _aEdson Ferreira dos Santos
_eTradutor
_9278
830 _aDetetive Hercule Poirot
_9271
942 _2ddc
_n0
_cBK
999 _c129
_d129